00905nam a2200277 a 450000100060000000300080000600500170001400800410003103500170007203500200008903500170010903500370012604000470016304100080021008200250021810000480024324500700029125000170036126000340037830000210041250000190043350000710045250400650052365000140058870000250060241812BD-RjUL20211209053444.0160606s1964 enk 001 0 eng d aMITb10488460 a(OCoLC)00852600 aGLIS00488460 a(OCoLC)08057082a(BD-RjUL) 41930 aCINcCINdm/cdOCLdPLFdRCDdBD-RjULbeng aeng 223a323.42bTAE 19641 aTawney, R. H.q(Richard Henry),d1880-1962.10aEquality /cR.H. Tawney. With a new introd. by Richard M. Titmuss a4th rev. ed. aLondon :bUnwin Books,cc1964 a255 p. ;c19 cm. aIncludes index a"First published in 1931 ... First published in this ed. in 1964." aBibliographical references included in "Notes" p. [236]-245. 0aEquality. aTitmuss, Richard M.